Планирование показателей оценки деятельности предприятий химической промышленности: сборник научных трудов

Detalles Bibliográficos
Autor Corporativo: Ленинградский инженерно-экономический институт им. Пальмиро Тольятти (ИНЖЭКОН)
Outros autores: Синицын М. П. (редактор)
Summary:Исключено из фонда НТБ ТПУ
Idioma:ruso
Publicado: Ленинград, Изд-во ЛИЭИ, 1986
Formato: MixedMaterials Libro
KOHA link:https://koha.lib.tpu.ru/cgi-bin/koha/opac-detail.pl?biblionumber=268715

MARC

LEADER 00000nam0a2200000 4500
001 268715
005 20231031224224.0
035 |a (RuTPU)RU\TPU\book\291869 
090 |a 268715 
100 |a 20140908d1986 k y0rusy50 ca 
101 0 |a rus 
102 |a RU 
105 |a y z 000zy 
200 1 |a Планирование показателей оценки деятельности предприятий химической промышленности  |e сборник научных трудов  |f Ленинградский инженерно-экономический институт им. Пальмиро Тольятти (ИНЖЭКОН) ; под ред. М. П. Синицына 
210 |a Ленинград  |c Изд-во ЛИЭИ  |d 1986 
215 |a 152 с. 
333 |a Исключено из фонда НТБ ТПУ 
702 1 |a Синицын  |b М. П.  |4 340 
712 0 2 |a Ленинградский инженерно-экономический институт им. Пальмиро Тольятти (ИНЖЭКОН)  |c (1930-1991) 
801 1 |a RU  |b 63413507  |c 20140908 
801 2 |a RU  |b 63413507  |c 20220304  |g RCR 
942 |c BK